| 000 | 00587nam a2200217 i 4500 | ||
|---|---|---|---|
| 001 | 28127 | ||
| 003 | ES-MaACL | ||
| 005 | 20230906153754.0 | ||
| 007 | t| | ||
| 008 | 030116s1965 sp ||||1| spa d | ||
| 100 | 1 |
_aBalcells, Albert. _924860 |
|
| 245 | 1 | 3 |
_aEl sindicalismo en Barcelona / _cAlberto Balcells. |
| 250 | _a1ยช ed. | ||
| 260 |
_aBarcelona : _bNova Terra, _c1965. |
||
| 300 |
_a191 p. ; _c17 cm. |
||
| 490 | 1 |
_aSintesi ; _v12 |
|
| 650 | 4 |
_aSindicalismo- _zBarcelona. _9172207 |
|
| 830 | 1 |
_aSintesi ; _v12 _9181167 |
|
| 852 |
_aES-MaACL _jC-28351 |
||
| 999 |
_c28127 _d28127 |
||